000 00386nam a22001337a 4500
020 _a9789690016881
040 _cNUST
082 _a297.63 SID
100 _aSiddiqui, Muhammad Abdul Majeed
_988747
245 _aSeerat-Un-Nabi Bad Az Wisal-Un-Nabi (Vol-6)
260 _aLAHORE:
_bFerozsons,
_c2014.
650 _a Islam-Biography-Muhammad Peace be upon him
_959181
942 _2ddc
_cBK
999 _c587763
_d587763